000 00433nam a2200181Ia 4500
001 13670
005 20260306164818.0
008 260306t1996||||xx |||||||||||||| ||spa||
041 _aESP
082 _a005.117
_bR94
100 _aRumbaugh, James
_eAUT
245 0 _aModelado y diseño orientado a objetos
260 _c1996
300 _a643 páginas :
_c23 cm.
650 _aGEN
654 _aCCC
942 _cLIB
_dJUS
_fJUS
_2ddc
_n
999 _c13670
_d13670